Erasmo de rotterdam; triunfo y tragedia /
Guardado en:
| Autor Principal: | |
|---|---|
| Formato: | Libro |
| Publicado: |
Buenos Aires :
Juentud Argentina,
1944
|
| Etiquetas: |
Agregar Etiqueta
Sin Etiquetas, Sea el primero en etiquetar este registro!
|
| LEADER | 00427nam a22001455a 4500 | ||
|---|---|---|---|
| 001 | CEM.cems011548 | ||
| 005 | 20060214000000.0 | ||
| 008 | 130507s1944##################000#0#####d | ||
| 003 | CEMS | ||
| 082 | 0 | 4 | |a 921 |
| 100 | 1 | |a Zweig, Stefan | |
| 245 | 1 | 0 | |a Erasmo de rotterdam; triunfo y tragedia / |c Stefan Zweig |
| 260 | |a Buenos Aires : |b Juentud Argentina, |c 1944 | ||
| 300 | |a 219 p.1 | ||
| 859 | |a CEMS |b BIB. CEMS - 11 de abril |h 921 |i ER15Z |p 437.04 |t Ej.1 | ||
